LEADER 01301nam a2200289 i 4500 001 000000246215 003 CaOOAMICUS 005 20151021000000.0 008 151021s2014 it u000 u ita u 013 $a225120 020 $a978-88-315-4489-4 040 $aSeMil$bita 100 1 $aCampanella, Danilo.$0(OLS)http://semarc/name/82688 245 10$aAldo Moro :$bpolitica, filosofia, pensiero /$cDanilo Campanella ; [prefazione di Giulio Alfano]. 260 $aMilano :$bPaoline,$c2014. 300 $a171 p., [4] carte di tav. :$bill. ;$c21 cm. 490 0 $aDonne e uomini nella storia ;$v45 600 14$aMoro, Aldo <1916-1978>.$0(OLS)http://semarc/subject/6668 650 4$aMoro, Aldo <1916-1978> - Pensiero politico.$0(OLS)http://semarc/subject/25137 700 1 $aAlfano, Giulio.$0(OLS)http://semarc/name/82689 830 0$aDonne e uomini nella storia ;$v45.$0(OLS)http://semarc/title/10334 850 $aSeMil 852 $aSeMil$W1$xVenegono$y1$m3N V 610$j196561$B196561$CSeMilBibl$Z2$F207453 $81 961 $aAcquisto: LdS 996 $6020$a978-88-315-4489-4$9(OLS)http://semarc/number/255069 996 $6245$aAldo Moro :$bpolitica, filosofia, pensiero$9(OLS)http://semarc/title/347934 996 $6260$aMilano :$bPaoline$9(OLS)http://semarc/publisher/29684 LEADER 01364nam a2200241 i 4500 001 000000053577 003 CaOOAMICUS 005 20260309102543.0 008 101116s1957 it u000 u eng u 040 $aSeMil$bita 100 1 $aPhilbin, Richard,$c.$0(OLS)http://semarc/name/26468 245 14$aThe correspondence between the gift of intellectus and the virtue of faith in the Summa Theologica of St. Thomas /$cauctore Richardo G. Philbin. 264 1$aRomae :$bTypis Pontificiae Universitatis Gregorianae,$c1957. 300 $a74 p. ;$c25 cm. 500 $aIn mezzo al front.: Excerpta ex Dissertatione ad lauream in Facultate theologica Pontificiae Univeritatis Gregorianae 650 4$aTesi di laurea - Estratti.$0(OLS)http://semarc/subject/58988 650 4$aTommaso : d'Aquino . Summa theologiae.$0(OLS)http://semarc/subject/340 710 2 $aPontificia Università Gregoriana .$0(OLS)http://semarc/name/5 850 $aSeMil 852 $aSeMil$W1$xVenegono$y1$m4Z I 42$j268117$B19731$CSeMilBibl$Z2$F19733 $81 996 $6245$aThe correspondence between the gift of intellectus and the virtue of faith in the Summa Theologica of St. Thomas$9(OLS)http://semarc/title/82570 996 $6264$aRomae :$bTypis Pontificiae Universitatis Gregorianae$9(OLS)http://semarc/publisher/29620